Biocombustibles. Ley 26.093

Este documento es una ley que establece el rǧimen de regulacin̤ y promocin̤ para la produccin̤ y el uso sostenibles de biocombustibles en Argentina. Los principales puntos que trata son: Rǧimen de Regulacin̤ y Promocin̤ para la Produccin̤ y Uso Sustentables de Biocombustibles. Autoridad de aplicac...

Повний опис

Збережено в:
Бібліографічні деталі
Інші автори: Honorable Senado de la Nacin̤ Argentina
Формат: Книга
Мова:Іспанська
Предмети:
Онлайн доступ:Biocombustibles. Ley 26.093
Теги: Додати тег
Немає тегів, Будьте першим, хто поставить тег для цього запису!

MARC

LEADER 00000nam a22000004a 4500
001 vpro2101
005 20201223000000.0
008 120828s2007 ck # g## #001 0#spa#d
020
022
040 |a CO-BoINGC 
041 0 |a spa 
245 1 0 |a Biocombustibles. Ley 26.093 
246 |a Biofuels. Law 26.093 
264 |a Bogot ̀(Colombia) :  |b Revista VirtualPRO,  |c 2007 
520 3 |a Este documento es una ley que establece el rǧimen de regulacin̤ y promocin̤ para la produccin̤ y el uso sostenibles de biocombustibles en Argentina. Los principales puntos que trata son: Rǧimen de Regulacin̤ y Promocin̤ para la Produccin̤ y Uso Sustentables de Biocombustibles. Autoridad de aplicacin̤. Comisin̤ Nacional Asesora. Funciones de la autoridad de aplicacin̤ Habilitacin̤ de plantas productoras. Mezclado de Biocombustibles con Combustibles Fs̤iles. Sujetos beneficiarios del Rǧimen Promocional. Infracciones y sanciones. 
650 \ \ |a Derecho industrial - Legislacin̤ 
650 \ \ |a Conservacin̤ del medio ambiente 
650 \ \ |a Combustibles vegetales 
650 \ \ |a Biocombustibles 
650 \ \ |a Industrial laws and legislation 
650 \ \ |a Environmental conservation 
650 \ \ |a Vegetal fuel 
650 \ \ |a biofuels 
650 \ \ |a Energa̕ biomasica 
650 \ \ |a Biocarburante 
650 \ \ |a Biomass-energy 
650 \ \ |a Biofuel  
700 \ \ |a Honorable Senado de la Nacin̤ Argentina 
856 |z Biocombustibles. Ley 26.093  |u https://virtualpro.unach.elogim.com/biblioteca/biocombustibles-ley-26-093